00946 2200313 4500001002100000005001500021035002000036007000300056008004100059020002200100040002200122082001600144084001800160090002200178100003400200245008700234250003500321300002800356650002500384700002500409850001200434504003400446264003400480336002100514337003000535338002300565999002200588990002200610INLIS00000000089501620251022085727 a0010-0425000265ta250411s2025 yoi g ind d a978-623-8085-18-7 aYOPDYOGbinderda04223a297.577 a297.577 FER b aCB-D.11 2025-03451 aFeri Firmansyah, MePengarang10aBelajar poligami dari KH. Ahmad Dahlan /cM. Feri Firmansyah; penyunting, Dwi Okta aCetakan Pertama, Februari 2025 ax, 140 halaman ;c20 cm 4aPoligami dalam Islam0 aDwi OktaePenyunting aYOPDYOG aBibliografi : halaman 127-13631aBantul :bGlobal Press,c2025 2rdacontentateks 2rdamediaatanpa perantara 2rdacarrieravolume aCB-D.11/2025-0345 aCB-D.11/2025-0345